[Event "Chigorin Memorial 24th"]
[Site "St Petersburg"]
[Date "2016.10.21"]
[Round "7"]
[White "Astakhov, Dmitrii"]
[Black "Fridman, Grigory"]
[Result "1/2-1/2"]
[WhiteElo "1456"]
[BlackElo "1840"]
[PlyCount "48"]
[EventDate "2016.10.15"]
[EventType "swiss"]
[EventRounds "9"]
[EventCountry "RUS"]
[SourceTitle "CBM 175 Extra"]
[Source "ChessBase"]
[SourceDate "2016.12.12"]
[SourceVersion "1"]
[SourceVersionDate "2016.12.12"]
[SourceQuality "1"]

1. d4 Nf6 2. c4 c5 3. dxc5 e6 4. Nc3 Bxc5 5. Nf3 d5 6. cxd5 exd5 7. e3 Nc6 8. Be2 0-0 9. 0-0 Bf5 10. a3 a5 11. Qb3 Qb6 12. Qxb6 Bxb6 13. Na4 Ba7 14. b3 d4 15. exd4 Nxd4 16. Nxd4 Bxd4 17. Bb2 Bxb2 18. Nxb2 Rfe8 19. Bd3 Bxd3 20. Nxd3 Red8 21. Rad1 Re8 22. Ra1 Red8 23. Rad1 Re8 24. Ra1 Red8 1/2-1/2

[Event "Chigorin Memorial 24th"]
[Site "St Petersburg"]
[Date "2016.10.18"]
[Round "4"]
[White "Fridman, Grigory"]
[Black "Enkhbat, Tsendragchaa"]
[Result "0-1"]
[WhiteElo "1840"]
[BlackElo "2113"]
[PlyCount "80"]
[EventDate "2016.10.15"]
[EventType "swiss"]
[EventRounds "9"]
[EventCountry "RUS"]
[SourceTitle "CBM 175 Extra"]
[Source "ChessBase"]
[SourceDate "2016.12.12"]
[SourceVersion "1"]
[SourceVersionDate "2016.12.12"]
[SourceQuality "1"]

1. e4 e5 2. Nf3 Nc6 3. Bc4 Bc5 4. d3 Nf6 5. Be3 Bb6 6. Nc3 d6 7. Nd5 Nxd5 8. Bxd5 Qf6 9. Qd2 h6 10. h3 Ne7 11. Bb3 Be6 12. Nh2 Bxb3 13. axb3 Bxe3 14. Qxe3 a6 15. Ng4 Qe6 16. 0-0 0-0 17. Qd2 f5 18. exf5 Qxf5 19. Ne3 Qg5 20. Ra4 Rf4 21. Rxf4 Qxf4 22. Qc3 c6 23. Qc4+ d5 24. Qc5 Ng6 25. Qb6 Qf7 26. d4 Re8 27. dxe5 Rxe5 28. c4 Nf4 29. Qd8+ Re8 30. Qb6 Qg6 31. Qxb7 d4 32. Ng4 h5 33. Qc7 Ne2+ 34. Kh2 hxg4 35. Qd7 gxh3 36. g3 Qe6 37. Qb7 Qe4 38. Kxh3 Qf3 39. Qc7 Rf8 40. Kh4 g5+ 0-1

[Event "Chigorin Memorial 24th"]
[Site "St Petersburg"]
[Date "2016.10.15"]
[Round "1"]
[White "Musaev, Rasul"]
[Black "Fridman, Grigory"]
[Result "1-0"]
[WhiteElo "2312"]
[BlackElo "1840"]
[PlyCount "71"]
[EventDate "2016.10.15"]
[EventType "swiss"]
[EventRounds "9"]
[EventCountry "RUS"]
[SourceTitle "CBM 175 Extra"]
[Source "ChessBase"]
[SourceDate "2016.12.12"]
[SourceVersion "1"]
[SourceVersionDate "2016.12.12"]
[SourceQuality "1"]

1. e4 e6 2. d4 d5 3. Nc3 Nf6 4. Bg5 Bb4 5. e5 Bxc3+ 6. bxc3 h6 7. Be3 Ne4 8. Bd3 Nxc3 9. Qg4 g6 10. h4 c5 11. Nh3 c4 12. Be2 Nxe2 13. Kxe2 Qa5 14. h5 Qc3 15. Rac1 g5 16. f4 gxf4 17. Qxf4 Nc6 18. Rhf1 Rf8 19. Qh4 Rg8 20. Qf2 Rf8 21. Rfd1 Ne7 22. Bxh6 Nf5 23. Bf4 Rg8 24. h6 Rh8 25. Ng5 Rxh6 26. g4 Ne7 27. Bd2 Qa3 28. Rh1 Rxh1 29. Qxf7+ Kd8 30. Rxh1 b6 31. Rh8+ Kd7 32. Rh3 c3 33. Qxe6+ Kd8 34. Nf7+ Kc7 35. Rxc3+ Kb8 36. Qxc8+ 1-0

[Event "Novokuznetsk SFO-ch U17"]
[Site "Novokuznetsk"]
[Date "2014.11.05"]
[Round "4"]
[White "Fridman, Grigory"]
[Black "Zhuravel, Aleksandr1111"]
[Result "1/2-1/2"]
[WhiteElo "1786"]
[BlackElo "1818"]
[PlyCount "52"]
[EventDate "2014.11.02"]
[EventType "swiss"]
[EventRounds "9"]
[EventCountry "RUS"]
[SourceTitle "CBM 163 Extra"]
[Source "ChessBase"]
[SourceDate "2014.12.23"]
[SourceVersion "1"]
[SourceVersionDate "2014.12.23"]
[SourceQuality "1"]

1. e4 d5 2. exd5 Qxd5 3. Nc3 Qd6 4. d4 c6 5. Nf3 Nf6 6. Ne5 Bf5 7. Bc4 e6 8. g4 Bg6 9. Be3 Nbd7 10. f4 Nb6 11. Bb3 Nbd5 12. Qd2 Nxe3 13. Qxe3 0-0-0 14. 0-0-0 Nd5 15. Nxd5 exd5 16. f5 f6 17. Nxg6 hxg6 18. h4 gxf5 19. gxf5 Qd7 20. Qf3 Re8 21. c4 Re4 22. cxd5 cxd5 23. Qxe4 dxe4 24. Be6 Rh5 25. Rde1 Qxe6 26. fxe6 f5 1/2-1/2

[Event "Novokuznetsk SFO-ch U17"]
[Site "Novokuznetsk"]
[Date "2014.11.04"]
[Round "3"]
[White "Shulajakov, Alexander"]
[Black "Fridman, Grigory"]
[Result "1-0"]
[WhiteElo "2051"]
[BlackElo "1786"]
[PlyCount "83"]
[EventDate "2014.11.02"]
[EventType "swiss"]
[EventRounds "9"]
[EventCountry "RUS"]
[SourceTitle "CBM 163 Extra"]
[Source "ChessBase"]
[SourceDate "2014.12.23"]
[SourceVersion "1"]
[SourceVersionDate "2014.12.23"]
[SourceQuality "1"]

1. d4 d5 2. Nf3 Nf6 3. Bf4 c5 4. c3 Qb6 5. Qb3 c4 6. Qxb6 axb6 7. Nbd2 Nc6 8. a3 b5 9. Rc1 Bf5 10. e3 e6 11. Be2 Be7 12. 0-0 0-0 13. Ne5 Nxe5 14. Bxe5 Nd7 15. Bf4 Nb6 16. f3 Na4 17. e4 Bg6 18. Rb1 Rfe8 19. Bd1 f6 20. Bxa4 bxa4 21. Rbd1 Bf8 22. Bg3 b5 23. Rfe1 Rad8 24. Nf1 Bh5 25. exd5 Rxd5 26. Re2 Bf7 27. Rde1 g6 28. Ne3 Rdd8 29. f4 Bh6 30. Ng4 Kg7 31. Bh4 g5 32. fxg5 Bxg5 33. Bxg5 fxg5 34. Rf2 Bg6 35. Nf6 Re7 36. Re5 Bf5 37. Nh5+ Kg6 38. Ng3 Bd3 39. Rxb5 Rd5 40. Rb8 e5 41. Rb6+ Kg7 42. Nh5+ 1-0